| 000 | 00769nam a2200277Ia 4500 | ||
|---|---|---|---|
| 001 | Z_1638 | ||
| 003 | CHAP | ||
| 008 | 220113s1987 xx 000 0 und d | ||
| 010 | _a164725 | ||
| 040 | _cCHAP | ||
| 082 | _a636.9 C4 | ||
| 100 |
_aCheeke, Peter R _922100 |
||
| 245 |
_aRabbit production / _cby Peter R. Cheeke... [et al] |
||
| 260 |
_aDanville, Il. : _bInterstate Printers and Publishers, _c1987 |
||
| 300 | _a472 p. ; ilus | ||
| 440 | _a | ||
| 500 | _aTít. : de la 4 ed : Domestic Rabbit Ptroduction | ||
| 503 | _a146922 | ||
| 650 |
_aConejos _xProducción I. Patton, Nephi M. II. Lukefahr, Steven D. III. McNitt, James I. IV. t. _9138806 |
||
| 901 | _a636.9 C4 | ||
| 902 | _aA | ||
| 910 | _a1987 | ||
| 942 | _c1 | ||
| 942 | _cc1 | ||
| 999 |
_c164725 _d164725 |
||